Cadres, classes moyennes: vers l'éclatement ? (notice n° 1568650)

détails MARC
000 -LEADER
fixed length control field 02018cam a2200157 4500500
005 - DATE AND TIME OF LATEST TRANSACTION
control field 20251214005053.0
041 ## - LANGUAGE CODE
Language code of text/sound track or separate title fre
042 ## - AUTHENTICATION CODE
Authentication code dc
100 10 - MAIN ENTRY--PERSONAL NAME
Personal name Bouffartigue, Paul
Relator term author
245 00 - TITLE STATEMENT
Title Cadres, classes moyennes: vers l'éclatement ?
260 ## - PUBLICATION, DISTRIBUTION, ETC.
Name of publisher, distributor, etc. Armand Colin,<br/>
Date of publication, distribution, etc. 2011.<br/>
520 ## - SUMMARY, ETC.
Summary, etc. « Banalisation des cadres », « stress au travail », « panne de l’ascenseur social », « crise des classes moyennes » : les anxiétés sociales se focalisent sur ce vaste ensemble dans lequel une majorité de la population tend désormais à se reconnaître. Dans quelle mesure sont-elles fondées ? Reflet de tendances lourdes ou emballement médiatique, voire rhétoriques politiques ? Une quarantaine de sociologues et de spécialistes en sciences de gestion apportent une réponse nuancée. Multipliant les angles d’observation, combinant de grandes enquêtes quantitatives et des enquêtes localisées, faisant place à l’étude de catégories de salariés proches des cadres, donnant une large place aux différences liées au genre et aux générations, l’ouvrage sonde l’évolution des frontières entre cadres et non cadres. Il analyse les carrières, le rapport au travail et les conditions de travail des cadres, mais aussi leur mode de vie, leurs pratiques culturelles et leurs comportements politiques. Cadres non dirigeants et professions intermédiaires, cœur des classes moyennes salariées, apparaissent à la fois éloignés sur de multiples plans et néanmoins réunis par nombre de passerelles. Bilan des recherches empiriques et contribution au renouvellement du débat théorique sur la notion de classes moyennes, il plaide pour une analyse nuancée qui prend en compte les diverses facettes du devenir de ce monde social inscrit au cœur de la société française.
700 10 - ADDED ENTRY--PERSONAL NAME
Personal name Gadéa, Charles
Relator term author
700 10 - ADDED ENTRY--PERSONAL NAME
Personal name Pochic, Sophie
Relator term author
856 41 - ELECTRONIC LOCATION AND ACCESS
Uniform Resource Identifier <a href="https://shs.cairn.info/cadres-classes-moyennes-vers-l-eclatement--9782200255909?lang=fr&redirect-ssocas=7080">https://shs.cairn.info/cadres-classes-moyennes-vers-l-eclatement--9782200255909?lang=fr&redirect-ssocas=7080</a>

Pas d'exemplaire disponible.

PLUDOC

PLUDOC est la plateforme unique et centralisée de gestion des bibliothèques physiques et numériques de Guinée administré par le CEDUST. Elle est la plus grande base de données de ressources documentaires pour les Étudiants, Enseignants chercheurs et Chercheurs de Guinée.

Adresse

627 919 101/664 919 101

25 boulevard du commerce
Kaloum, Conakry, Guinée

Réseaux sociaux

Powered by Netsen Group @ 2025